Το ραδόνιο στα ιαματικά λουτρά : διδακτορική διατριβή
Αποθηκεύτηκε σε:
| Κύριος συγγραφέας: | |
|---|---|
| Συγγραφή απο Οργανισμό/Αρχή: | |
| Μορφή: | Thesis Βιβλίο |
| Γλώσσα: | Greek |
| Δημοσίευση: |
2005.
|
| Θέματα: | |
| Ετικέτες: |
Προσθήκη ετικέτας
Δεν υπάρχουν, Καταχωρήστε ετικέτα πρώτοι!
|
MARC
| LEADER | 00000cam a2200000 i 4500 | ||
|---|---|---|---|
| 001 | 1/39779 | ||
| 008 | 061222s2005 gre d | ||
| 035 | |l 10086671 | ||
| 040 | |a GR-MY-UA |b gre |e aacr | ||
| 041 | 0 | |a gre | |
| 082 | 0 | |a 628.535 |2 (22) | |
| 100 | 1 | |a Βογιάννης, Ευστράτιος Γ. | |
| 245 | 1 | 3 | |a Το ραδόνιο στα ιαματικά λουτρά : |b διδακτορική διατριβή / |c Βογιάννης Γ. Ευστράτιος ; επιβλέπων καθηγητής: Χαλβαδάκης Κ.Π. |
| 260 | |c 2005. | ||
| 300 | |a 202 σ. : |b πιν., χάρτες ; |c 30 εκ. | ||
| 502 | |a Διατριβή (διδακτορική) - Πανεπιστήμιο Αιγαίου, Λέσβος, 2005. | ||
| 504 | |a Βιβλιογραφία: σ. 143-172. | ||
| 650 | 0 | |a Radon |x Environmental aspects |z Greece |z Lesbos (Municipality) | |
| 650 | 0 | 0 | |a Hot springs |z Greece |z Lesbos (Municipality) |
| 650 | 0 | 0 | |a Geothermal resources |z Greece |z Lesbos (Municipality) |
| 650 | 0 | 0 | |a Dissertations, Academic |z Greece. |
| 700 | 1 | |a Χαλβαδάκης, Κωνσταντίνος Π. |e dgs | |
| 710 | 2 | |a Πανεπιστήμιο Αιγαίου. |b Σχολή Περιβάλλοντος. |b Τμήμα Περιβάλλοντος. | |
| 852 | |a INST |b LESVOS |c DIATR |e 20061222 |h 182 |p 005100036747 |q 005100036747 |t PHD |y 23 | ||
| 852 | |a INST |b LESVOS |c DIATR |e 20061222 |h 183 |p 005100036746 |q 005100036746 |t PHD |y 23 | ||
| 901 | |a BIBL1-2006-3 | ||
| 909 | |a Λ |b 130023 | ||
| 909 | |a Λ |b 130024 | ||
| 924 | |a ΒΟΓΙΑΝΝΗΣ |b ΕΥΣΤΡΑΤΙΟΣ Γ. |y ΛΕΣΒΟΣ |z 2006-11 | ||
| 970 | |a ΧΑΤΖΗΜΙΧΑΗΛ |b ΜΑΡΙΑ |z 2006/12/22 | ||